Palomar / (Record no. 38839)

MARC details
000 -LEADER
campo de control de longitud fija 00655nam a2200229 i 4500
001 - NÚMERO DE CONTROL
campo de control 38839
003 - IDENTIFICADOR DE NÚMERO DE CONTROL
campo de control ES-MaACL
005 - FECHA Y HORA DE LA ÚLTIMA TRANSACCIÓN
campo de control 20250902063052.0
007 - CAMPO FIJO DE DESCRIPCIÓN FÍSICA--INFORMACIÓN GENERAL
campo de control de longitud fija t|
008 - DATOS DE LONGITUD FIJA--INFORMACIÓN GENERAL
campo de control de longitud fija 030226s1985 sp ||||1| spa d
020 ## - NÚMERO INTERNACIONAL ESTÁNDAR DEL LIBRO
Número Internacional Estándar del Libro 84-206-3164-7
100 1# - ENTRADA PRINCIPAL--NOMBRE DE PERSONA
Nombre de persona Calvino, Italo,
Fechas asociadas al nombre 1923-1985
9 (RLIN) 242175
245 10 - MENCIÓN DEL TÍTULO
Título Palomar /
Mención de responsabilidad, etc. Italo Calvino ; traductor Aurora Bernárdez.
260 ## - PUBLICACIÓN, DISTRIBUCIÓN, ETC.
Lugar de publicación, distribución, etc. Madrid :
Nombre del editor, distribuidor, etc. Alianza,
Fecha de publicación, distribución, etc. [1985]
300 ## - DESCRIPCIÓN FÍSICA
Extensión 127 p. ;
Dimensiones 20 cm.
490 1# - MENCIÓN DE SERIE
Mención de serie Alianza tres ;
Designación de volumen o secuencia 164
500 ## - NOTA GENERAL
Nota general Indice.
700 1# - ENTRADA AGREGADA--NOMBRE PERSONAL
Nombre de persona Bernárdez, Aurora.
9 (RLIN) 28270
830 00 - PUNTO DE ACCESO ADICIONAL DE SERIE-TÍTULO UNIFORME
Título uniforme Alianza tres
Designación de volumen o secuencia 164
9 (RLIN) 177344
852 ## - LOCALIZACIÓN
Ubicación ES-MaACL
Número de control de estantería L-11269
Sublocalización o colección R.110747
Holdings
Estatus retirado Estado de pérdida Estado de daño No para préstamo Biblioteca de origen Biblioteca actual Ubicación en estantería Fecha de adquisición Fuente de adquisición Total de préstamos Signatura topográfica completa Código de barras Visto por última vez Precio de reemplazo Tipo de ítem Koha
        Biblioteca del Ateneo de Madrid Biblioteca del Ateneo de Madrid Depósito 2 17/01/2008     L-11269 1040897 23/02/2023 23/02/2023 Libro impreso